000 00584cam a22002171 4500
001 sa 65005252
003 DLC
005 20260227112136.0
008 890108s1961 io a 000 0 ind
010 _asa 65005252
035 _a(OCoLC)23554639
040 _aDLC
_cMiU
_dDLC
042 _apremarc
043 _aa-io---
050 0 0 _aHF3806
_b.W3
100 1 _aWachid, Djoerban.
245 1 0 _aPeranan pemerintah dalam perniagaan internasional;
260 _a[Djakarta,
_bPertjetakan U. I. I.,
_c1961?]
300 _a32, [1] p.
_billus.
_c21 cm.
651 0 _aIndonesia
_xCommerce.
999 _c64213
_d64213